Incidencia y características productivas de los grandes terratenientes bonaerenses durante la vigencia del régimen de Convertibilidad (Registro nro. 16648)

Detalles MARC
000 -LEADER
fixed length control field 00463 a2200121 4500
001 - CONTROL NUMBER
control field ART_3717
005 - DATE AND TIME OF LATEST TRANSACTION
control field 20260410161717.0
008 - FIXED-LENGTH DATA ELEMENTS--GENERAL INFORMATION
fixed length control field 260409a
100 1# - MAIN ENTRY--PERSONAL NAME
Personal name Basualdo, Eduardo M.
245 10 - TITLE STATEMENT
Title Incidencia y características productivas de los grandes terratenientes bonaerenses durante la vigencia del régimen de Convertibilidad
700 1# - ADDED ENTRY--PERSONAL NAME
Personal name Arceo, Nicolás
773 0# - HOST ITEM ENTRY
Title Desarrollo económico
Related parts - Vol. 45, Nº 177 (abr./jun. 2005)
Record control number REV1174

No hay ítems disponibles.